书目信息 |
| 题名: |
断裂力学中应力强度因子的解法
|
|
| 作者: | 张行, 著 | |
| 分册: | 下册 | |
| 出版信息: | 北京 科学出版社 2017 |
|
| 页数: | 250页 | |
| 开本: | 24cm | |
| 丛书名: | ||
| 单 册: | ||
| 中图分类: | O346.1-44 | |
| 科图分类: | ||
| 主题词: | 断裂力学--Duan Lie Li Xue--应力强度因子--问题解答 | |
| 电子资源: | ||
| ISBN: | 978-7-03-051350-2 | |
| 000 | 01106cam0 2200277 45 | |
| 001 | 012001003413 | |
| 005 | 20191204140631.53 | |
| 010 | @a978-7-03-051350-2@dCNY98.00 | |
| 099 | @aCAL 012017010090 | |
| 100 | @a20170122d2017 em y0chiy50 ea | |
| 101 | 0 | @achi |
| 102 | @aCN@b110000 | |
| 105 | @aak a 000yy | |
| 106 | @ar | |
| 200 | 1 | @a断裂力学中应力强度因子的解法@ADuan Lie Li Xue Zhong Ying Li Qiang Du Yin Zi De Jie Fa@h下册@f张行著@FZhang Xing Zhu@PZXZ |
| 210 | @a北京@c科学出版社@d2017 | |
| 215 | @a250页@c图@d24cm | |
| 312 | @a英文题名取自封面 | |
| 320 | @a有书目 | |
| 330 | @a本书内容包括:弹性力学二维问题的复变函数通解;边缘裂纹二维应力强度因子的解析——变分解法;内部与边缘裂纹二维应力强度因子的解析——广义变分解法;各向同性材料内部裂纹二维应力强度因子的解析——变分解法等。 | |
| 510 | 1 | @aMethods of solutions for stress intensity factor in fracture mechanics@zeng |
| 606 | 0 | @a断裂力学@ADuan Lie Li Xue@x应力强度因子@j问题解答 |
| 690 | @aO346.1-44@v5 | |
| 701 | 0 | @a张行,@AZhang Xing@f1932-@4著 |
| 801 | 0 | @aCN@b北京卓展@c20191020 |
| 905 | @b1211551-2@dO346.1-44@e14:2@f2 | |
| 断裂力学中应力强度因子的解法.下册/张行著.-北京:科学出版社,2017 |
| 250页:图;24cm |
| ISBN 978-7-03-051350-2:CNY98.00 |
| 本书内容包括:弹性力学二维问题的复变函数通解;边缘裂纹二维应力强度因子的解析——变分解法;内部与边缘裂纹二维应力强度因子的解析——广义变分解法;各向同性材料内部裂纹二维应力强度因子的解析——变分解法等。 |
| ● |
| 相关链接 |
|
|
|
|
正题名:断裂力学中应力强度因子的解法
索取号:O346.1-44/14:2
 
预约/预借
| 序号 | 登录号 | 条形码 | 馆藏地/架位号 | 状态 | 备注 |
| 1 | 1211551 | 212115511 | 第二样本阅览室/ [索取号:O346.1-44/14:2] | 在馆 | |
| 2 | 1211552 | 212115520 | 第三借阅区/ [索取号:O346.1-44/14:2] | 在馆 |